Konkurencieschopnosť slovenských podnikov po vstupe do Európskej únie
Identifikácia a kvantifikácia vzájomných vzťahov medzi determinantmi a indikátormi konkurencieschopnosti vybraných slovenských podnikov po vstupe Slovenska do Európskej únie. Dotazníkový výskum bol realizovaný na vybranej vzorke podnikov východného Slovenska.
Saved in:
| Main Author: | |
|---|---|
| Format: | Book Chapter |
| Language: | Slovak |
| Subjects: | |
| Tags: |
No Tags, Be the first to tag this record!
|
MARC
| LEADER | 00000nla$a2200000$$$4500 | ||
|---|---|---|---|
| 001 | 0051023 | ||
| 005 | 20240502071606.2 | ||
| 041 | 0 | |a slo | |
| 044 | |a SK | ||
| 245 | 1 | 0 | |a Konkurencieschopnosť slovenských podnikov po vstupe do Európskej únie |c Zuzana Bosáková |
| 520 | |a Identifikácia a kvantifikácia vzájomných vzťahov medzi determinantmi a indikátormi konkurencieschopnosti vybraných slovenských podnikov po vstupe Slovenska do Európskej únie. Dotazníkový výskum bol realizovaný na vybranej vzorke podnikov východného Slovenska. | ||
| 610 | 2 | 0 | |a podnik |
| 610 | 2 | 0 | |a Slovensko |
| 610 | 2 | 0 | |a konkurencieschopnosť |
| 610 | 2 | 0 | |a výhody konkurenčné |
| 610 | 2 | 0 | |a lokalizácia |
| 610 | 2 | 0 | |a zisk |
| 610 | 2 | 0 | |a predaj |
| 610 | 2 | 0 | |a Európska únia |
| 100 | 1 | |a Bosáková, Zuzana | |